02190nam a2200301 a 4500090002100000041000800021100004000029110005600069245010000125260006100225300001000286520109400296650003101390650002301421650002201444650002601466650003001492650003401522662002001556662003301576662003601609662003401645662003201679662003501711945001501746773011201761999001501873 aIAVHb00765 CD-1 aspa aValencia Echeverry, Mauricio992421 bCorporación Autónoma Regional de Risaralda9951 aDiagnóstico de la cadenas de Heliconias y follajes en el Eje cafetero y en el Valle del Cauca aBogotábInstituto Alexander von HumboldtbCARDERc2005 a23 p. aSe analiza la información existente en las regiones sobre la demanda nacional e internacional de heliconias y follajes. En lo referente a la demanda, se identifican y caracterizan los principales comercializadores de heliconias del país, se analiza la posible consolidación de una cadena productiva, se identifican las dificultades en la comercialización y problemas en la producción, y se identifican los requerimientos de calidad para la exportación. En relación con la oferta, se identifican la oferta y el potencial exportador por regiones, las áreas sembradas, las principales especies, las dificultades y problemas en las regiones productoras; se evalúan las tecnologías utilizadas por la cadena, su eficiencia y efectividad; se analizan los costos de produccióny se evalúa la competitividad de los productores.Finalmente se identifican los programas estatales de apoyo al sector, se identifican los procedimientos legales necesarios para la exportación y se evalúa su eficiencia; se identifican los asistentes técnicos para cumplir con la normatividad. aDesarrollo sostenible9278 aBiocomercio992419 aHeliconias992422 aOferta y demanda9597 aCadenas productivas96264 aCostos de producción992424 aColombiacAndes aColombiadPereirabRisaralda aColombiadSanta RosabRisaralda aColombiadMarsellabRisaralda aColombiadBalboabRisaralda aColombiadSantuariobRisaralda d2007-07-310 0598699704abdBogotá Informatica documental 2007o024802tInformes de investigaciones IAVH en PDFwxz c5995d5995